[Event "19th EUR-ch"]
[Site "Batumi GEO"]
[Date "2018.03.26"]
[Round "9.114"]
[White "Bernotas, Arturs"]
[Black "Paramzina, Anastasya"]
[Result "1/2-1/2"]
[WhiteElo "2436"]
[BlackElo "2281"]
[EventDate "2018.03.17"]
[PlyCount "104"]

1.e4 c5 2.Nf3 d6 3.Bb5+ Bd7 4.c4 Nc6 5.d4 cxd4 6.Nxd4 g6 7.Nc3 Bg7 8.Be3 
Nf6 9.f3 O-O 10.O-O Rc8 11.Bxc6 Bxc6 12.a4 Bd7 13.b3 Qa5 14.Qd2 Rfd8 15.
Nde2 b6 16.Rab1 Qa6 17.Rfd1 Bc6 18.Bd4 Qb7 19.Kh1 a6 20.Rdc1 b5 21.a5 e6 
22.cxb5 axb5 23.Na2 Nxe4 24.fxe4 Bxe4 25.Bxg7 Kxg7 26.Ng3 Bxb1 27.Rxb1 d5 
28.Qd4+ f6 29.Rf1 e5 30.Qg4 Qd7 31.Nh5+ Kh8 32.Nxf6 Qxg4 33.Nxg4 e4 34.Kg1
d4 35.Nb4 d3 36.Ne3 Rc3 37.Nbd5 Rxb3 38.Ra1 b4 39.Rd1 Rb2 40.Nc4 Rc2 41.
Nde3 b3 42.a6 Ra8 43.Nxc2 dxc2 44.Rc1 Rxa6 45.Nd2 Rb6 46.Kf2 b2 47.Rxc2 
b1=Q 48.Nxb1 Rxb1 49.Ke3 Re1+ 50.Kf2 Rb1 51.Ke3 Re1+ 52.Kf2 Rb1 1/2-1/2

[Event "19th EUR-ch"]
[Site "Batumi GEO"]
[Date "2018.03.26"]
[Round "9.115"]
[White "Mikadze, Miranda"]
[Black "Baghdasarian, Vahe"]
[Result "1/2-1/2"]
[WhiteElo "2268"]
[BlackElo "2431"]
[EventDate "2018.03.17"]
[PlyCount "66"]

1.d4 d5 2.Bf4 Nf6 3.e3 c5 4.Nf3 Nc6 5.Nbd2 cxd4 6.exd4 Bg4 7.c3 e6 8.Qb3 
Bd6 9.Qxb7 Bxf4 10.Qxc6+ Kf8 11.Bd3 Rb8 12.Qa4 g6 13.h3 Bxf3 14.Nxf3 Kg7 
15.Qc2 Qc7 16.Rb1 h5 17.O-O h4 18.Rfe1 Nd7 19.b3 g5 20.c4 dxc4 21.bxc4 
Rxb1 22.Rxb1 Nf6 23.Kf1 g4 24.hxg4 Nxg4 25.c5 Bg3 26.Qd2 Bf4 27.Qb2 h3 28.
gxh3 Rxh3 29.Kg2 Rh5 30.Qb7 Qd8 31.Qe4 Rf5 32.Rg1 Nf6 33.Qb7 Rh5 1/2-1/2

[Event "19th EUR-ch"]
[Site "Batumi GEO"]
[Date "2018.03.26"]
[Round "9.116"]
[White "Sousa, Andre Ventura"]
[Black "Olcum, Ahmet"]
[Result "0-1"]
[WhiteElo "2417"]
[BlackElo "2257"]
[EventDate "2018.03.17"]
[PlyCount "80"]

1.e4 d6 2.d4 Nf6 3.Nc3 g6 4.f4 Bg7 5.Nf3 O-O 6.e5 dxe5 7.fxe5 Nd5 8.Bc4 
Be6 9.Nxd5 Bxd5 10.Bxd5 Qxd5 11.Qe2 c5 12.c4 Qd7 13.d5 e6 14.d6 f6 15.exf6
Rxf6 16.Bg5 Rf7 17.O-O-O Nc6 18.Rhe1 Re8 19.Be3 b6 20.Ng5 Rff8 21.Qg4 Ne5 
22.Qe4 b5 23.Bxc5 bxc4 24.Kb1 Nd3 25.Rxd3 cxd3 26.Qxd3 Rf5 27.Ne4 Rd5 28.
Qb3 Rc8 29.Rc1 Be5 30.a3 Kg7 31.Ka2 Bxd6 32.Be3 Rxc1 33.Bxc1 Be5 34.Qh3 
Rd3 35.Qh6+ Kg8 36.Ng5 Rd1 37.Nf3 Qd5+ 38.Kb1 Qd3+ 39.Ka2 Qc4+ 40.Kb1 Bf4 
0-1

[Event "19th EUR-ch"]
[Site "Batumi GEO"]
[Date "2018.03.26"]
[Round "9.118"]
[White "Voit, Daria"]
[Black "Abdulla, Khayala"]
[Result "1-0"]
[WhiteElo "2382"]
[BlackElo "2248"]
[EventDate "2018.03.17"]
[PlyCount "61"]

1.Nf3 Nf6 2.c4 e6 3.g3 d5 4.Bg2 dxc4 5.Qa4+ c6 6.Qxc4 b5 7.Qc2 Bb7 8.d4 
Nbd7 9.Nc3 Be7 10.O-O O-O 11.Bg5 a6 12.Rfd1 h6 13.Bxf6 Nxf6 14.Ne5 Rc8 15.
Ne4 Nxe4 16.Bxe4 Qd6 17.e3 Rc7 18.Rac1 Bf6 19.Nd3 g5 20.Bg2 Bc8 21.Qc3 Re8
22.b3 Qf8 23.Rc2 e5 24.dxe5 Bg7 25.f4 Bf5 26.e4 Bg4 27.Rdc1 Rd8 28.Nf2 Bc8
29.Qa5 Qe7 30.Rxc6 Rxc6 31.Rxc6 1-0

[Event "19th EUR-ch"]
[Site "Batumi GEO"]
[Date "2018.03.26"]
[Round "9.119"]
[White "Yuksel, Atilla Koksal"]
[Black "Tokranovs, Dmitrijs"]
[Result "0-1"]
[WhiteElo "2237"]
[BlackElo "2375"]
[EventDate "2018.03.17"]
[PlyCount "126"]

1.e4 e5 2.Nf3 Nc6 3.d4 exd4 4.Bc4 Nf6 5.O-O Nxe4 6.Re1 d5 7.Bxd5 Qxd5 8.
Nc3 Qa5 9.Nxe4 Be6 10.Neg5 O-O-O 11.Nxe6 fxe6 12.Rxe6 Be7 13.Qe2 Bf6 14.
Bf4 Qf5 15.Qe4 Qxe4 16.Rxe4 Rhe8 17.Rxe8 Rxe8 18.Re1 Rxe1+ 19.Nxe1 Nb4 20.
a3 Nd5 21.Bd2 c5 22.f4 Kd7 23.Kf2 b5 24.Kf3 Kc6 25.Ke4 Nb6 26.Nd3 Nc4 27.
Bc1 Nd6+ 28.Kf3 a5 29.g4 g6 30.Ne5+ Kd5 31.Nd7 Bg7 32.a4 b4 33.b3 c4 34.
Bb2 c3 35.Bc1 d3 36.cxd3 Bd4 37.Ke2 Nb7 38.Kd1 Nd8 39.Nf8 Nc6 40.Nxh7 Bg1 
41.Nf6+ Ke6 42.Ne4 Nd4 43.h4 Nxb3 44.h5 gxh5 45.f5+ Kf7 46.gxh5 Nd4 47.f6 
c2+ 48.Kd2 Bh2 49.Ng5+ Kxf6 50.Nh3 Be5 51.Bb2 b3 52.Kc3 Kf5 53.Ng1 Kg4 54.
h6 Kg3 55.h7 Kf2 56.Nh3+ Ke1 57.Kc4 Kd2 58.Bc3+ Kd1 59.Nf2+ Ke2 60.Bb2 
Kxf2 61.Bxd4+ Bxd4 62.Kxd4 c1=Q 63.h8=Q Qa1+ 0-1

[Event "19th EUR-ch"]
[Site "Batumi GEO"]
[Date "2018.03.26"]
[Round "9.120"]
[White "Hayrapetyan, Artavazd R."]
[Black "Mkrtchian, Sargis"]
[Result "0-1"]
[WhiteElo "2370"]
[BlackElo "2224"]
[EventDate "2018.03.17"]
[PlyCount "74"]

1.d4 Nf6 2.Nf3 g6 3.Bf4 Bg7 4.e3 d6 5.h3 O-O 6.Be2 c5 7.c3 Qb6 8.Qc1 Nc6 
9.O-O Bf5 10.Nbd2 cxd4 11.exd4 Rac8 12.Nc4 Qd8 13.Qd1 Nd5 14.Bg3 Bh6 15.
Re1 b5 16.Ncd2 b4 17.c4 Nc3 18.Qc1 Nxe2+ 19.Rxe2 Bd3 20.Re1 Qb6 21.d5 Nd4 
22.Nxd4 Qxd4 23.Qd1 Qxb2 24.Nb3 Bxc4 25.Rxe7 a5 26.Ra7 Ra8 27.Rxa5 Rxa5 
28.Nxa5 Bxa2 29.Bxd6 Re8 30.Nc6 b3 31.Bc5 Bg7 32.Bd4 Bxd4 33.Nxd4 Rb8 34.
d6 Qxa1 35.Qxa1 b2 36.Qxa2 b1=Q+ 37.Qxb1 Rxb1+ 0-1

[Event "19th EUR-ch"]
[Site "Batumi GEO"]
[Date "2018.03.26"]
[Round "9.121"]
[White "Lewtak, Damian"]
[Black "Stukan, Martin"]
[Result "1/2-1/2"]
[WhiteElo "2370"]
[BlackElo "2210"]
[EventDate "2018.03.17"]
[PlyCount "135"]

1.e4 c5 2.Nf3 d6 3.d4 cxd4 4.Nxd4 Nf6 5.Nc3 a6 6.Bc4 e6 7.Bb3 Be7 8.O-O 
O-O 9.f4 Nbd7 10.Qf3 Nc5 11.f5 e5 12.Nde2 Bd7 13.Bg5 Nxb3 14.axb3 d5 15.
Bxf6 dxe4 16.Nxe4 gxf6 17.N2c3 Bc6 18.Rad1 Qb6+ 19.Kh1 Rad8 20.Qh5 Rxd1 
21.Rxd1 Rd8 22.Qg4+ Kh8 23.h4 Rxd1+ 24.Qxd1 Qe3 25.Qd2 Qxd2 26.Nxd2 Bd7 
27.Nd5 Bd8 28.Ne3 Bb6 29.Ndf1 Kg7 30.Kh2 Ba7 31.Kg3 Bc6 32.Kf2 Kf8 33.b4 
Ke7 34.g4 b5 35.Ke2 Bb6 36.Ng3 h6 37.Nd1 a5 38.bxa5 Bxa5 39.c3 Bb6 40.Nf2 
Bd5 41.Nge4 Ba7 42.Nd2 Bb6 43.Nfe4 Ba7 44.Kd3 Bb6 45.b3 Ba7 46.c4 bxc4+ 
47.bxc4 Bc6 48.Nb1 Bd4 49.Na3 Bb6 50.Nc2 Bxe4+ 51.Kxe4 Kd6 52.Kd3 Bf2 53.
h5 Kc5 54.Na3 Bg3 55.Ke4 Bf4 56.Nb5 Kxc4 57.Nd6+ Kc5 58.Nxf7 Kc6 59.Nd8+ 
Kd6 60.Ne6 Bc1 61.Kd3 Kd5 62.Nc7+ Kc6 63.Ne8 Bg5 64.Ke4 Kd7 65.Ng7 Kd6 66.
Ne6 Bc1 67.Nf8 Bg5 68.Ng6 1/2-1/2

[Event "19th EUR-ch"]
[Site "Batumi GEO"]
[Date "2018.03.26"]
[Round "9.122"]
[White "Assaubaeva, Bibisara"]
[Black "Burnett, Andrew"]
[Result "1/2-1/2"]
[WhiteElo "2369"]
[BlackElo "2183"]
[EventDate "2018.03.17"]
[PlyCount "108"]

1.d4 Nf6 2.c4 g6 3.f3 Bg7 4.e4 d6 5.Nc3 O-O 6.Be3 Nc6 7.Nge2 a6 8.Qd2 Na5 
9.Nf4 b5 10.h4 h5 11.g4 Bxg4 12.fxg4 Nxg4 13.O-O-O Rb8 14.Rg1 Nxc4 15.Bxc4
bxc4 16.Rxg4 hxg4 17.Rh1 e5 18.dxe5 Bxe5 19.h5 g5 20.Nfe2 f6 21.Nd4 Qd7 
22.Qe2 c5 23.Qxc4+ Kh8 24.Nde2 g3 25.Qd3 g2 26.Rd1 Qh3 27.Ng1 Qxh5 28.Bf2 
Rf7 29.Bg3 Rb4 30.Bxe5 dxe5 31.Qxa6 Rd4 32.Re1 Kg7 33.Qe2 Qh4 34.Nf3 Qf4+ 
35.Kb1 g4 36.Nxd4 exd4 37.Nd1 Qf3 38.Qf2 f5 39.Rg1 Qxf2 40.Nxf2 g3 41.Rxg2
f4 42.Nh3 Kf8 43.a4 Ke7 44.Kc2 c4 45.b3 f3 46.Rxg3 f2 47.Nxf2 Rxf2+ 48.Kd1
cxb3 49.Rxb3 Ra2 50.Rb4 d3 51.Rd4 Ke6 52.a5 Ke5 53.Rxd3 Kxe4 54.Rd2 Rxa5 
1/2-1/2

[Event "19th EUR-ch"]
[Site "Batumi GEO"]
[Date "2018.03.26"]
[Round "9.123"]
[White "Babazada, Khazar"]
[Black "Mirzoyan, David"]
[Result "0-1"]
[WhiteElo "2230"]
[BlackElo "2350"]
[EventDate "2018.03.17"]
[PlyCount "68"]

1.d4 e6 2.Nf3 Nf6 3.Bf4 c5 4.e3 d5 5.c3 Nc6 6.Nbd2 Be7 7.Bd3 Nh5 8.Be5 Nf6
9.Bf4 O-O 10.Ne5 Nd7 11.Ndf3 f5 12.h4 Ndxe5 13.Nxe5 Bd7 14.g4 Nxe5 15.dxe5
b5 16.Rg1 Kh8 17.Qf3 Qb6 18.gxf5 exf5 19.Qxd5 Be6 20.Qg2 Rg8 21.O-O-O b4 
22.c4 Qa6 23.Kb1 Bxc4 24.Bxc4 Qxc4 25.Rd7 Rae8 26.h5 b3 27.a3 Qc2+ 28.Ka1 
c4 29.h6 gxh6 30.Rxe7 Rxg2 31.Rxe8+ Kg7 32.Rxg2+ Kf7 33.e6+ Kxe8 34.Rg1 c3
0-1

[Event "19th EUR-ch"]
[Site "Batumi GEO"]
[Date "2018.03.26"]
[Round "9.124"]
[White "Abdullayev, Elshad"]
[Black "Tsoi, Dmitry"]
[Result "0-1"]
[WhiteElo "2168"]
[BlackElo "2347"]
[EventDate "2018.03.17"]
[PlyCount "47"]

1.d4 Nf6 2.c4 e6 3.Nf3 Bb4+ 4.Bd2 Qe7 5.g3 Bxd2+ 6.Qxd2 Nc6 7.Nc3 d5 8.Bg2
dxc4 9.O-O O-O 10.e4 Rd8 11.e5 Nd5 12.Qe2 Nb6 13.Qe4 Bd7 14.h4 h6 15.Qf4 
Nb4 16.Ne4 Bc6 17.Nh2 Nd3 18.Qg4 Kf8 19.f4 Rxd4 20.f5 Nxe5 21.Qh5 Bxe4 22.
fxe6 Bxg2 23.Qxe5 Rd5 24.Qe3 0-1

[Event "19th EUR-ch"]
[Site "Batumi GEO"]
[Date "2018.03.26"]
[Round "9.125"]
[White "Pogosyan, Stefan"]
[Black "Smolin, Sergey"]
[Result "1/2-1/2"]
[WhiteElo "2322"]
[BlackElo "2153"]
[EventDate "2018.03.17"]
[PlyCount "101"]

1.d4 g6 2.c4 Bg7 3.Nc3 d6 4.e4 Nc6 5.d5 Nd4 6.Be3 c5 7.Nge2 Nxe2 8.Bxe2 
Nf6 9.Qd2 a6 10.f3 Nd7 11.Bh6 Bd4 12.h4 Qa5 13.Qc2 b5 14.cxb5 axb5 15.Bxb5
Rb8 16.Bxd7+ Kxd7 17.Bd2 Ba6 18.Ne2 Rxb2 19.Qxb2 Bxb2 20.Bxa5 Bxa1 21.Kd2 
Bf6 22.Bc3 Bxe2 23.Bxf6 Ra8 24.Bb2 Rxa2 25.Kc3 Ra7 26.h5 Rb7 27.Re1 Bb5 
28.Kd2 Bf1 29.Bc3 Bxg2 30.Ke3 Rb3 31.Rc1 gxh5 32.Kf2 Bh1 33.Rxh1 Rxc3 34.
Rxh5 Rc2+ 35.Ke3 Rc3+ 36.Ke2 Rc4 37.Rxh7 f6 38.Ke3 Rd4 39.Rh5 Ra4 40.Rh7 
Ra3+ 41.Ke2 Ra2+ 42.Ke3 Rg2 43.Rf7 Rh2 44.Rg7 Rh5 45.Kf4 Ke8 46.Rg8+ Kf7 
47.Rc8 Re5 48.Rc7 Ke8 49.Rc8+ Kd7 50.Rf8 Kc7 51.Rh8 1/2-1/2

[Event "19th EUR-ch"]
[Site "Batumi GEO"]
[Date "2018.03.26"]
[Round "9.126"]
[White "Utiatskaja, Irina"]
[Black "Akhvlediani, Irakli"]
[Result "1-0"]
[WhiteElo "2165"]
[BlackElo "2318"]
[EventDate "2018.03.17"]
[PlyCount "66"]

1.d4 g6 2.c4 Bg7 3.Nf3 c5 4.d5 d6 5.e4 e6 6.Nc3 Ne7 7.Be2 e5 8.h3 O-O 9.g4
Kh8 10.Be3 Na6 11.Qd2 f5 12.gxf5 gxf5 13.Bh6 Bxh6 14.Qxh6 Ng8 15.Qd2 f4 
16.Nh2 Nh6 17.Bg4 Nc7 18.Qe2 Qh4 19.O-O-O Rg8 20.Nf3 Qf6 21.Bxc8 Raxc8 22.
h4 Nf7 23.Ng5 Nxg5 24.hxg5 Rxg5 25.Qf3 Rcg8 26.Ne2 b5 27.Ng3 bxc4 28.Nf5 
R8g6 29.Qa3 a6 30.Qa4 Qf7 31.Qc6 Nb5 32.Qc8+ Rg8 33.Qxa6 Rb8 1-0

[Event "19th EUR-ch"]
[Site "Batumi GEO"]
[Date "2018.03.26"]
[Round "9.127"]
[White "Murzin, Volodar"]
[Black "Eynullayev, Atilla"]
[Result "0-1"]
[WhiteElo "2316"]
[BlackElo "2147"]
[EventDate "2018.03.17"]
[PlyCount "118"]

1.e4 c5 2.Nf3 d6 3.d4 cxd4 4.Nxd4 Nf6 5.f3 e5 6.Nb3 Be6 7.c4 Nbd7 8.Be3 
Rc8 9.Nc3 Bxc4 10.Bxc4 Rxc4 11.Qd3 Rc6 12.O-O a6 13.Rac1 Be7 14.Nd5 Nxd5 
15.Qxd5 Nf6 16.Qa5 Qc8 17.Rxc6 bxc6 18.Rc1 O-O 19.Qa4 c5 20.Qc4 Qb7 21.Rc2
Nd7 22.Qd3 Qb5 23.Qf1 Nb6 24.Nd2 f5 25.b3 fxe4 26.Qxb5 axb5 27.fxe4 Kf7 
28.Kf2 Ke6+ 29.Ke2 Rc8 30.Rc1 d5 31.exd5+ Nxd5 32.Ne4 c4 33.bxc4 bxc4 34.
Bd2 h6 35.a4 Ba3 36.Rc2 Nb4 37.Rc3 Bb2 38.Rg3 Na2 39.Rg6+ Kd5 40.Ng3 c3 
41.Nf5 Rc7 42.Rd6+ Kc4 43.Rb6 Nc1+ 44.Bxc1 Bxc1 45.Kd1 Bd2 46.Kc2 Ra7 47.
Rc6+ Kd5 48.Rd6+ Kc5 49.Re6 Kd5 50.Rd6+ Ke4 51.Ng3+ Kf4 52.Ne2+ Ke3 53.
Nxc3 Bxc3 54.Kxc3 Rxa4 55.Rg6 Ra7 56.Rg3+ Ke2 57.Kc4 Rd7 58.Rg4 Ke3 59.
Rg3+ Kf2 0-1

[Event "19th EUR-ch"]
[Site "Batumi GEO"]
[Date "2018.03.26"]
[Round "9.128"]
[White "Eminov, Orkhan"]
[Black "Babukhadia, Levan"]
[Result "1-0"]
[WhiteElo "2295"]
[BlackElo "1968"]
[EventDate "2018.03.17"]
[PlyCount "47"]

1.e4 c5 2.Nf3 d6 3.Bb5+ Bd7 4.Bxd7+ Qxd7 5.c4 Nf6 6.Nc3 Nc6 7.O-O g6 8.d4 
cxd4 9.Nxd4 Nxd4 10.Qxd4 Bg7 11.Bg5 O-O 12.Rad1 h6 13.Bh4 Qg4 14.Bxf6 Bxf6
15.Qd3 Bg7 16.b3 Rac8 17.Nd5 Qd7 18.f4 e6 19.Ne3 Qc6 20.f5 Qc5 21.Kh1 Rfe8
22.Rf3 Kh7 23.Rdf1 exf5 24.exf5 1-0

[Event "19th EUR-ch"]
[Site "Batumi GEO"]
[Date "2018.03.26"]
[Round "9.129"]
[White "Sandu, Mihaela"]
[Black "Uzunoglu, Efe Kerem"]
[Result "1/2-1/2"]
[WhiteElo "2289"]
[BlackElo "2060"]
[EventDate "2018.03.17"]
[PlyCount "55"]

1.e4 c5 2.Nf3 d6 3.Bc4 Nf6 4.d3 Nc6 5.c3 a6 6.Bb3 Bg4 7.Nbd2 e6 8.h3 Bh5 
9.O-O Be7 10.Re1 O-O 11.Nf1 d5 12.exd5 Nxd5 13.Ng3 Bg6 14.d4 cxd4 15.Nxd4 
Nxd4 16.Qxd4 Nf6 17.Qf4 Qa5 18.Qf3 b5 19.Bf4 Qb6 20.Rad1 a5 21.a3 Rad8 22.
Be5 Nd7 23.Bd4 Bc5 24.Ne4 Bxd4 25.cxd4 a4 26.Ba2 b4 27.axb4 a3 28.bxa3 
1/2-1/2

[Event "19th EUR-ch"]
[Site "Batumi GEO"]
[Date "2018.03.26"]
[Round "9.130"]
[White "Qalichava, Akaki"]
[Black "Belous, Mikhail"]
[Result "0-1"]
[WhiteElo "1796"]
[BlackElo "2355"]
[EventDate "2018.03.17"]
[PlyCount "75"]

1.e4 c5 2.Nf3 d6 3.d4 cxd4 4.Nxd4 Nf6 5.Nc3 a6 6.Bg5 Nbd7 7.Bc4 e6 8.f3 h6
9.Be3 Ne5 10.Bb3 b5 11.Qd2 Bd7 12.O-O Qc7 13.a3 Be7 14.Rad1 Nc4 15.Bxc4 
Qxc4 16.Qd3 O-O 17.Qxc4 bxc4 18.b4 cxb3 19.cxb3 Rfc8 20.Rc1 d5 21.b4 e5 
22.Nb3 d4 23.Nxd4 exd4 24.Bxd4 Rc4 25.Ne2 Bb5 26.Rxc4 Bxc4 27.Kf2 a5 28.
Bc5 Bxc5+ 29.bxc5 Rc8 30.Rc1 Rxc5 31.Ke3 Nd7 32.Nd4 Ba6 33.Rxc5 Nxc5 34.
Kd2 Kf8 35.Kc3 Ke8 36.Nc6 Kd7 37.Nd4 g6 38.Ne2 0-1

[Event "19th EUR-ch"]
[Site "Batumi GEO"]
[Date "2018.03.26"]
[Round "9.131"]
[White "Gharibian, Mamikon"]
[Black "Kuchava, Ana"]
[Result "1-0"]
[WhiteElo "2312"]
[BlackElo "2149"]
[EventDate "2018.03.17"]
[PlyCount "57"]

1.d4 d5 2.c4 e6 3.Nf3 Nf6 4.Nc3 Be7 5.Bf4 c5 6.dxc5 Bxc5 7.e3 Nc6 8.a3 O-O
9.Qc2 Qa5 10.O-O-O Be7 11.g4 dxc4 12.Bxc4 a6 13.Bd3 e5 14.g5 exf4 15.gxf6 
Bxf6 16.Bxh7+ Kh8 17.Rd5 Bxc3 18.Rxa5 Bxa5 19.Be4 Bg4 20.Kb1 Rac8 21.Qb3 
b5 22.Rg1 Be6 23.Bd5 fxe3 24.fxe3 Bf5+ 25.e4 Bh7 26.Ng5 Bg6 27.Qh3+ Kg8 
28.Nxf7 Bxf7 29.Qh6 1-0

[Event "19th EUR-ch"]
[Site "Batumi GEO"]
[Date "2018.03.26"]
[Round "9.132"]
[White "Simonian, Latush"]
[Black "Shevelev, Arkady"]
[Result "1/2-1/2"]
[WhiteElo "2111"]
[BlackElo "2309"]
[EventDate "2018.03.17"]
[PlyCount "35"]

1.e4 c6 2.Nc3 g6 3.d4 d5 4.Nf3 Bg7 5.h3 Nf6 6.e5 Ne4 7.Nxe4 dxe4 8.Ng5 c5 
9.c3 cxd4 10.Qxd4 Qc7 11.Bb5+ Nc6 12.Bf4 O-O 13.Bxc6 Qxc6 14.Qxe4 Qa6 15.
Qe2 Qa4 16.Qe4 Qa6 17.Qe2 Qa4 18.Qe4 1/2-1/2

[Event "19th EUR-ch"]
[Site "Batumi GEO"]
[Date "2018.03.26"]
[Round "9.133"]
[White "Ismayilov, Muhammad"]
[Black "Barseghian, Armen Ar."]
[Result "1/2-1/2"]
[WhiteElo "2021"]
[BlackElo "2298"]
[EventDate "2018.03.17"]
[PlyCount "92"]

1.e4 c6 2.Nf3 d5 3.Nc3 dxe4 4.Nxe4 Nf6 5.Qe2 Nxe4 6.Qxe4 Qd5 7.Qh4 Qe6+ 8.
Be2 Qg4 9.Qxg4 Bxg4 10.d4 g6 11.Bf4 Bg7 12.O-O-O Nd7 13.h3 Bxf3 14.Bxf3 e6
15.g4 h6 16.Rhe1 O-O 17.Re3 Rfd8 18.Bc7 Rdc8 19.Bd6 Nb6 20.Bc5 Rc7 21.Bxb6
axb6 22.a3 Rd7 23.c3 Bf6 24.Kc2 b5 25.Bg2 Rad8 26.Red3 Bg5 27.Bf3 Kg7 28.
Be2 Bf4 29.Rf3 g5 30.Rfd3 Rd6 31.Bf3 Kg6 32.Be4+ Kg7 33.Bf3 R6d7 34.Be4 
Rh8 35.Bf3 Kg6 36.Re1 Kf6 37.Red1 Kg7 38.Re1 Rd6 39.Red1 Kf6 40.Re1 b6 41.
Re2 Rhd8 42.Re4 Ke7 43.Re1 Kd7 44.Rh1 Ke7 45.Re1 Kf6 46.Red1 Rh8 1/2-1/2

[Event "19th EUR-ch"]
[Site "Batumi GEO"]
[Date "2018.03.26"]
[Round "9.134"]
[White "Ziroian, David"]
[Black "Tsvetkov, Andrey"]
[Result "1/2-1/2"]
[WhiteElo "2080"]
[BlackElo "2252"]
[EventDate "2018.03.17"]
[PlyCount "93"]

1.c4 c6 2.Nf3 d5 3.d4 Nf6 4.cxd5 cxd5 5.Nc3 Nc6 6.Bf4 Bf5 7.e3 e6 8.Qb3 
Bb4 9.Be2 O-O 10.Nh4 Bg4 11.Bxg4 Nxg4 12.Nf3 a6 13.O-O Bd6 14.Bxd6 Qxd6 
15.h3 Nf6 16.Na4 Nd7 17.Rac1 b5 18.Nc5 Nb6 19.Qc3 Rfc8 20.b3 f6 21.Rc2 a5 
22.Rfc1 Rc7 23.a3 Rcc8 24.Qd3 Na7 25.e4 a4 26.bxa4 Nxa4 27.Nxa4 bxa4 28.
Rxc8+ Rxc8 29.Rxc8+ Nxc8 30.Qb5 Qxa3 31.exd5 Qc1+ 32.Kh2 Qc7+ 33.g3 Qe7 
34.Qxa4 Nb6 35.Qc6 Nxd5 36.Kg2 Kf7 37.Qc2 Kg8 38.Qc6 Kf7 39.Qc2 g6 40.Qc8 
Kg7 41.Qc6 Kf7 42.Qc8 Qe8 43.Qb7+ Ne7 44.h4 Qc6 45.Qb8 Kg7 46.Qa7 Kf7 47.
Qb8 1/2-1/2

[Event "19th EUR-ch"]
[Site "Batumi GEO"]
[Date "2018.03.26"]
[Round "9.135"]
[White "Kubicka, Anna"]
[Black "Melkonyan, Arshak"]
[Result "1/2-1/2"]
[WhiteElo "2235"]
[BlackElo "2082"]
[EventDate "2018.03.17"]
[PlyCount "168"]

1.e4 c6 2.d4 d5 3.e5 c5 4.dxc5 e6 5.Be3 Nd7 6.Bb5 Qa5+ 7.Nc3 a6 8.Bxd7+ 
Bxd7 9.a3 Qc7 10.Nf3 Bxc5 11.Bxc5 Qxc5 12.O-O Ne7 13.Nd4 O-O 14.Qd2 Rac8 
15.Rae1 Nc6 16.Nxc6 Bxc6 17.Rd1 Rfd8 18.Qd4 Qxd4 19.Rxd4 f6 20.Re1 Kf7 21.
f4 f5 22.Kf2 h6 23.h3 g5 24.g4 fxg4 25.hxg4 Kg6 26.Kg3 Rf8 27.Rf1 Rf7 28.
Rf2 Rcf8 29.Nd1 gxf4+ 30.Rdxf4 Rxf4 31.Rxf4 Rxf4 32.Kxf4 h5 33.gxh5+ Kxh5 
34.c3 Kg6 35.Ne3 Kf7 36.Nc2 Ba4 37.Nb4 Bb5 38.Ke3 Ke7 39.Kd4 Kd7 40.Nc2 
Be2 41.Kc5 Kc7 42.Nd4 b6+ 43.Kb4 Bg4 44.a4 Bh3 45.a5 Bg4 46.Nc2 Bf5 47.Ne3
Bd3 48.Ng2 Be4 49.Nf4 Bf5 50.Ne2 Bh3 51.Nd4 Bg4 52.b3 Bh3 53.Ka4 Bg4 54.b4
Bd1+ 55.Ka3 Bg4 56.Kb2 bxa5 57.bxa5 Bh3 58.Ka3 Bg4 59.Kb4 Kd7 60.Nb3 Be2 
61.Nc5+ Ke7 62.Kb3 Bc4+ 63.Kc2 Be2 64.Kd2 Bc4 65.Ke3 Bf1 66.Kf4 Be2 67.Kg5
Kf7 68.Nb7 Bd3 69.Kg4 Ke7 70.Kh5 Kf7 71.Kg5 Be2 72.Nd6+ Ke7 73.Kg6 Bg4 74.
Kg7 Kd7 75.Kf6 Kc6 76.Kg5 Bh3 77.Kf4 Bf1 78.Kg3 d4 79.cxd4 Kd5 80.Kf2 Kxd4
81.Kxf1 Kxe5 82.Ne8 Kd5 83.Nc7+ Kc6 84.Nxa6 Kb5 1/2-1/2

[Event "19th EUR-ch"]
[Site "Batumi GEO"]
[Date "2018.03.26"]
[Round "9.136"]
[White "Nikolaidis, Konstantinos"]
[Black "Suleymanli, Suleyman"]
[Result "1-0"]
[WhiteElo "2184"]
[BlackElo "1763"]
[EventDate "2018.03.17"]
[PlyCount "71"]

1.e4 e6 2.d4 d5 3.Bd3 Nf6 4.e5 Nfd7 5.c3 c5 6.Ne2 Nc6 7.Nd2 cxd4 8.cxd4 f6
9.exf6 Nxf6 10.O-O Bd6 11.Nf3 O-O 12.Bf4 Bxf4 13.Nxf4 Qd6 14.g3 Bd7 15.Re1
Nxd4 16.Bxh7+ Nxh7 17.Qxd4 Rae8 18.Ne5 Ng5 19.Kg2 Rf5 20.Nfg6 Bc6 21.Rac1 
a6 22.Rc3 Nf7 23.Nxf7 Kxf7 24.Ne5+ Kg8 25.h4 Ref8 26.f4 Rc8 27.Rec1 Rff8 
28.Ng6 Rfe8 29.h5 Kh7 30.Ne5 Re7 31.Rh1 a5 32.Qd3+ Kg8 33.h6 d4+ 34.Rxc6 
Qd5+ 35.Kg1 Qxh1+ 36.Kxh1 1-0

[Event "19th EUR-ch"]
[Site "Batumi GEO"]
[Date "2018.03.26"]
[Round "9.137"]
[White "Eynullayev, Altay"]
[Black "Turan, Asim"]
[Result "1-0"]
[WhiteElo "2163"]
[BlackElo "2024"]
[EventDate "2018.03.17"]
[PlyCount "131"]

1.d4 d5 2.c4 e6 3.Nf3 Nf6 4.g3 dxc4 5.Bg2 Bb4+ 6.Bd2 a5 7.Qc2 Bxd2+ 8.Qxd2
b5 9.Qg5 O-O 10.Qxb5 Ba6 11.Qxa5 Nc6 12.Qd2 Ne4 13.Qe3 f5 14.Nc3 Nb4 15.
Rc1 Nd5 16.Nxd5 exd5 17.Ne5 Bb5 18.a3 Qe7 19.O-O Rfb8 20.f3 Nd6 21.Nxc4 
Qxe3+ 22.Nxe3 Bxe2 23.Rf2 Bc4 24.Bf1 Ra4 25.Nxc4 dxc4 26.Rfc2 c3 27.Rxc3 
Rxb2 28.Rxc7 Rxd4 29.Rd7 Rb7 30.Rxb7 Nxb7 31.Rc8+ Nd8 32.a4 Kf7 33.a5 Ke7 
34.a6 Rd7 35.Bb5 Ra7 36.Rc5 g6 37.Kf2 Ne6 38.Rc1 Nc7 39.Bd3 Nxa6 40.Ra1 
Rd7 41.Bxa6 Rd2+ 42.Be2 Kf6 43.Ra6+ Kg5 44.Ke3 Rd7 45.f4+ Kh6 46.Bf3 Kg7 
47.Rb6 Re7+ 48.Kd4 Re1 49.Rb7+ Kh6 50.Bd5 Re8 51.h3 Rd8 52.g4 fxg4 53.hxg4
Rh8 54.Ke5 Re8+ 55.Be6 g5 56.fxg5+ Kg6 57.Kd6 Rh8 58.Bf5+ Kxg5 59.Rg7+ Kh6
60.Rf7 Kg5 61.Be6 h5 62.Rf5+ Kh4 63.g5 Kg3 64.g6 h4 65.g7 Rb8 66.g8=Q+ 1-0

[Event "19th EUR-ch"]
[Site "Batumi GEO"]
[Date "2018.03.26"]
[Round "9.138"]
[White "Yeremian, Alen"]
[Black "Vardanian, Hamazasp"]
[Result "1-0"]
[WhiteElo "1961"]
[BlackElo "2109"]
[EventDate "2018.03.17"]
[PlyCount "81"]

1.Nf3 c5 2.g3 g6 3.Bg2 Bg7 4.O-O Nf6 5.d3 d5 6.c3 O-O 7.Qa4 Nc6 8.Qh4 Qb6 
9.Na3 e5 10.e4 dxe4 11.dxe4 Bg4 12.Nc4 Qc7 13.Bg5 Bxf3 14.Bxf3 Nd7 15.Rad1
f6 16.Be3 Rad8 17.Qh3 b6 18.Qe6+ Kh8 19.Rd2 Ndb8 20.Rfd1 Rde8 21.Qh3 Rd8 
22.Rd5 Qe7 23.a4 Rxd5 24.exd5 Nd8 25.d6 Qd7 26.Qxd7 Nxd7 27.Bd5 f5 28.f4 
exf4 29.Bxf4 Re8 30.Kf1 Bf6 31.b4 Bxc3 32.b5 Nf6 33.Bc6 Rf8 34.Rc1 Bd4 35.
Re1 Ne4 36.d7 Kg7 37.Bb8 Kf6 38.Bxa7 Nc3 39.Re8 Kg7 40.Bxb6 Nxa4 41.Rxf8 
1-0

[Event "19th EUR-ch"]
[Site "Batumi GEO"]
[Date "2018.03.26"]
[Round "9.139"]
[White "Sahin, Ozgun"]
[Black "Soyunlu, Narmin"]
[Result "1/2-1/2"]
[WhiteElo "2201"]
[BlackElo "2035"]
[EventDate "2018.03.17"]
[PlyCount "128"]

1.e4 e5 2.Nf3 Nc6 3.c3 Nf6 4.d4 Nxe4 5.dxe5 d5 6.Bd3 Bg4 7.Bf4 g5 8.Bg3 
Nxg3 9.hxg3 Nxe5 10.Be2 Nxf3+ 11.gxf3 Bf5 12.Qd4 Rg8 13.Qe5+ Be6 14.Rxh7 
Bd6 15.Qe3 Qe7 16.Nd2 Bf5 17.Qxe7+ Bxe7 18.Rh5 O-O-O 19.O-O-O Bc5 20.Rf1 
Rde8 21.Kd1 Bc2+ 22.Kxc2 Rxe2 23.Kd3 Rxf2 24.Rxf2 Bxf2 25.g4 Kd7 26.Nf1 
Kd6 27.Rh2 Bg1 28.Rh1 Bf2 29.Rh2 Bg1 30.Rh7 Ke6 31.Ng3 Rf8 32.Rg7 Bh2 33.
Nf5 Bf4 34.Rh7 c6 35.b4 Kd7 36.Kd4 Bd2 37.a4 Bf4 38.b5 Bc7 39.bxc6+ bxc6 
40.Rg7 Bd8 41.Kc5 Bb6+ 42.Kb4 a5+ 43.Kb3 Bd8 44.Kc2 c5 45.Rh7 Ke6 46.Rh6+ 
Ke5 47.Rd6 Kf4 48.Rxd5 Kxf3 49.Nh6 Be7 50.Re5 Bd6 51.Rxg5 f6 52.Rf5+ Ke4 
53.g5 fxg5 54.Rxg5 Rf3 55.Ng4 Rf4 56.Rg6 Be5 57.Nxe5 Kxe5 58.Rg5+ Kd6 59.
Kb3 Kc6 60.Rg6+ Kb7 61.Rd6 Rh4 62.Rd7+ Kc6 63.Ra7 Kb6 64.Rd7 Kc6 1/2-1/2

[Event "19th EUR-ch"]
[Site "Batumi GEO"]
[Date "2018.03.26"]
[Round "9.140"]
[White "Gebigke, Martin"]
[Black "Trisha, Kanyamarala"]
[Result "1/2-1/2"]
[WhiteElo "2132"]
[BlackElo "1956"]
[EventDate "2018.03.17"]
[PlyCount "136"]

1.d4 d5 2.c4 e6 3.Nf3 Nf6 4.Nc3 Be7 5.Bg5 Nbd7 6.e3 b6 7.cxd5 exd5 8.Be2 
O-O 9.O-O Bb7 10.Qb3 c6 11.Rac1 Ne4 12.Nxe4 dxe4 13.Bxe7 Qxe7 14.Nd2 c5 
15.Qa3 Qg5 16.Rfd1 Rfd8 17.Nc4 Qe7 18.Bg4 Nf6 19.Be2 Nd7 20.h3 Bd5 21.Nd2 
Qf8 22.Nb3 Bxb3 23.Qxb3 cxd4 24.exd4 Qd6 25.Ba6 Rab8 26.Bc4 Rf8 27.Bd5 Nf6
28.Bc4 h6 29.a4 Rbd8 30.Rc2 Qf4 31.Qe3 Qd6 32.Qb3 Qf4 33.Qe3 Qd6 34.Qb3 
Qf4 35.Re2 Rd7 36.Bb5 Rd6 37.Qe3 Qf5 38.Bc4 Rfd8 39.Red2 Nd5 40.Bxd5 Qxd5 
41.Rc1 f5 42.Rc7 R8d7 43.Rc8+ Rd8 44.Rc7 R8d7 45.Rc8+ Kh7 46.h4 Rg6 47.Re8
Qf7 48.Re5 Rd5 49.f3 exf3 50.Qxf3 Rgd6 51.Rf2 Rxd4 52.Rxf5 Rd1+ 53.Kh2 Qc4
54.Rf4 Qd3 55.Qe4+ Qxe4 56.Rxe4 R1d4 57.Rff4 Rxe4 58.Rxe4 Rd2 59.b4 Ra2 
60.b5 Kg6 61.Kh3 Kf6 62.g3 h5 63.g4 Ra3+ 64.Kg2 hxg4 65.Rxg4 g6 66.Kh2 Kf5
67.Rd4 Ke5 68.Rg4 Kf5 1/2-1/2

[Event "19th EUR-ch"]
[Site "Batumi GEO"]
[Date "2018.03.26"]
[Round "9.141"]
[White "Mochalin, Faddey"]
[Black "Janiashvili, Mariami"]
[Result "1-0"]
[WhiteElo "2110"]
[BlackElo "1987"]
[EventDate "2018.03.17"]
[PlyCount "59"]

1.d4 g6 2.c4 Bg7 3.Nc3 d6 4.e4 e5 5.Nge2 exd4 6.Nxd4 Ne7 7.Be2 Nbc6 8.Nc2 
f5 9.Bg5 h6 10.Be3 fxe4 11.O-O Bf5 12.Nd4 Qd7 13.g4 Be6 14.Nxe4 O-O-O 15.
Nxe6 Qxe6 16.Nc3 h5 17.Nd5 Be5 18.h3 Rdf8 19.Rb1 Rhg8 20.b4 Nf5 21.Rb3 
Ncd4 22.Bxd4 Nxd4 23.Re3 Qf7 24.f4 Nxe2+ 25.Rxe2 Bf6 26.Rfe1 Bh4 27.Re7 
Re8 28.Rxf7 Rxe1+ 29.Qxe1 Bxe1 30.Ne7+ 1-0